Ode To Sleep - Twenty One Pilots (All Lyrics) - Statistics

General Stats
  • This quiz has been taken 426 times
  • The average score is 395 of 479
Answer Stats
Ode To Sleep % Correct
Verse 1 I
100%
the
99%
The
99%
a
98%
A
98%
go
98%
go?
98%
To
98%
to
98%
my
96%
Do
95%
hear
95%
an
94%
in
94%
soul
94%
up
94%
I'm
93%
no
93%
on
93%
Verse 2 On
93%
and
92%
And
92%
be
92%
Why
92%
but
91%
Chorus But
91%
Please
91%
please
91%
who
91%
ceiling
90%
don't
90%
feel
90%
have
90%
I'll
90%
not
90%
wake
90%
we
90%
like
89%
me
89%
them
89%
for
88%
it
88%
old
88%
start
88%
stay
88%
time
88%
tonight
88%
you
88%
leaving
87%
prisoners
87%
then
87%
Then
87%
this
87%
when
87%
am
86%
cause
86%
out
86%
tell
86%
awake
85%
dandy
85%
fine
85%
is
85%
let
85%
morning?
85%
must
85%
taking
85%
hair
84%
man's
84%
they
84%
They
84%
voices
84%
As
83%
calling
83%
free?
83%
free
83%
heart
83%
those
83%
Those
83%
were
83%
we're
83%
won't
83%
find
82%
see
82%
will
82%
by
81%
dark's
81%
fire
81%
one
81%
rip
81%
Some
81%
told
81%
what
81%
What
81%
your
81%
crash
80%
landing
80%
living
80%
plans?
80%
plans
80%
words
80%
yelling
80%
crazy
79%
handy
79%
harpoon
79%
kicked
79%
plead
79%
scared
79%
wanna
79%
was
79%
become?
78%
set
78%
Take
78%
all
77%
apart
77%
darkness
77%
demons
77%
em'
77%
gone
77%
knees
77%
oh
77%
planning
77%
pleading
77%
asking
76%
moon
76%
pen
76%
spelling
76%
heard
75%
It's
75%
receding
75%
got
74%
insignificant
73%
swear
73%
that
73%
weapon
73%
hands
67%
of
67%
threaten
67%
repeatedly
64%
blood
63%
eve
63%
forged
62%
day
61%
Sun's
60%
that's
60%
three
60%
four
58%
times
57%
need
56%
number
56%
whore
55%
forgiveness
54%
try
52%
denial
51%
Metaphorically
51%
our
51%
adore
50%
sorry
50%
asked
49%
has
49%
trees
48%
us
48%
afraid
46%
something
46%
forgotten
45%
denied
44%
Same
44%
than
44%
amount
43%
open
43%
Desperately
42%
eyes
42%
anticipate
41%
face
41%
fake
41%
bigger
40%
grace
40%
put
39%
clouds
37%
singing
37%
crime
36%
mask
36%
MVP'd
35%
There's
35%
await
33%
portrays
33%
towards
33%
their
29%
arms
25%
wave
23%
No matching quizzes found
Score Distribution
Percent of People with Each Score
Percentile by Number Answered
Your Score History
You have not taken this quiz